000 00389nam a2200145Ia 4500
008 210210b1987 xxu||||| |||| 00| 0 eng d
082 _a530.028 SUBP
100 _aSUBRAHMANYAM (N) & BRIJ LAL.
245 _aPractical physics. part II.
260 _aND
_bS. Chand & Co. Ltd.
_c1987
300 _a206
650 _aPractical physics II PUC
690 _aPhysics Practical
906 _a042581
999 _c92222
_d92222